Toronto Subway Stations (Picture Click) Quiz Stats

 Plays Quiz not verified by Sporcle

Score 0/69 Timer 10:00
0 Plays Today
% Correct
Union
84.7%
Bloor-Yonge
84.4%
Bay
81.9%
Spadina
80.7%
Finch
80.5%
King
80.3%
Sheppard-Yonge
80.2%
Queen
79.2%
Museum
77.9%
Sheppard West (Downsview)
77.7%
Kipling
77.5%
St George
76.9%
Kennedy
76.3%
College
75%
Wellesley
75%
North York Centre
74.2%
St Clair West
73.9%
Lawrence
73.7%
Islington
73.5%
Eglinton West
73.1%
St Andrew
73.1%
Rosedale
72.3%
Don Mills
72.3%
St Patrick
72.1%
Queen's Park
71.6%
Dundas
71.4%
Eglinton
71.4%
Dupont
71%
Summerhill
71%
Sherbourne
69.8%
Scarborough Centre
69.5%
Bathurst
69.3%
St Clair
68.9%
Castle Frank
68.5%
Osgoode
68.1%
% Correct
Lawrence West
67.6%
Bessarion
67.4%
Wilson
67%
York Mills
67%
Bayview
65.5%
McCowan
65.5%
Christie
64.9%
Leslie
64.5%
Warden
63.7%
Yorkdale
63.5%
Lawrence East
63.2%
Royal York
61.3%
Old Mill
60.5%
Davisville
60.1%
Glencairn
59.9%
Midland
59.5%
Ellesmere
58.2%
Victoria Park
57.6%
Runnymede
57.3%
Ossington
57.3%
Pape
57.3%
Chester
56.9%
Main Street
56.7%
High Park
55.7%
Woodbine
55.7%
Jane
54.4%
Donlands
54.2%
Dundas West
53.8%
Lansdowne
53.1%
Greenwood
52.7%
Coxwell
52.3%
Broadview
51.9%
Keele
51%
Dufferin
49.2%

You're not logged in!

Compare scores with friends on all Sporcle quizzes.
OR
Log In

Show Comments

Extras

Top Quizzes Today


Score Distribution

Your Account Isn't Verified!

In order to create a playlist on Sporcle, you need to verify the email address you used during registration. Go to your Sporcle Settings to finish the process.

Report this User

Report this user for behavior that violates our Community Guidelines.

Details: